Talking Heads songs by lyrics - Statistics

General Stats
  • This quiz has been taken 295 times
  • The average score is 5 of 12
Answer Stats
Hint Answer % Correct
Ce que j'ai fait, ce soir-la, ce qu'elle a dit, ce soir-la Psycho Killer
92%
There is water at the bottom of the ocean, under the water, carry the water Once in a Lifetime
75%
I got some groceries, some peanut butter, to last a couple of days Life During Wartime
56%
I come home, she lifted up her wings, guess that ____ ____ __ ___ ____ This Must Be the Place
46%
A bim beri glassala grandid, e glassala tuffm _ ______ I Zimbra
32%
Love is an ocean that I can't forget, sweet sixteen I would never regret Take Me to the River
31%
Well, I'm a tumbler, ____ _____ _______ Born Under Punches
30%
Facts are simple and facts are straight, facts are lazy and facts are late Crosseyed and Painless
29%
It's hard to imagine that nothing at all, could be so exciting, could be this much fun Heaven
28%
And it's very far away, but it's growing day by day Road to Nowhere
25%
He'll keep on digging for a thousand years Houses in Motion
17%
Jet pilot gone out of control, ship captain on the ground Uh-Oh, Love Comes to Town
11%
No matching quizzes found
Score Distribution
Percent of People with Each Score
Percentile by Number Answered
Your Score History
You have not taken this quiz